[Event "BAN-chT Premier"]
[Site "Dhaka"]
[Date "2022.12.08"]
[Round "9.1"]
[White "Jabed, Al Azad"]
[Black "Chatterjee, Debaraj"]
[Result "1/2-1/2"]
[WhiteElo "2084"]
[BlackElo "2196"]
[PlyCount "61"]
[EventDate "2022.11.30"]
[EventType "team-tourn"]
[EventRounds "11"]
[EventCountry "BAN"]
[SourceTitle "CBM 211 Extra"]
[Source "ChessBase"]
[SourceDate "2023.01.31"]
[SourceVersion "1"]
[SourceVersionDate "2023.01.31"]
[SourceQuality "1"]
[WhiteTeam "Uttara Central CC"]
[BlackTeam "Bangladesh Biman"]
[WhiteTeamCountry "BAN"]
[BlackTeamCountry "BAN"]

1. e4 c5 2. Nf3 d6 3. Bb5+ Nd7 4. 0-0 a6 5. Be2 Ngf6 6. d3 g6 7. b3 Bg7 8. Bb2 0-0 9. a4 b6 10. Na3 e5 11. Nc4 Qc7 12. Nfd2 Bb7 13. Bf3 Rfd8 14. Ne3 Nf8 15. Re1 Ne6 16. c4 h5 17. Nd5 Nxd5 18. cxd5 Nf8 19. Nc4 b5 20. Ne3 Rdb8 21. Qc2 Qd8 22. Bc3 b4 23. Bd2 a5 24. Nc4 Ba6 25. g3 Bxc4 26. dxc4 Bf6 27. h4 Ra7 28. Kg2 Rbb7 29. Rh1 Nd7 30. Rh2 Kf8 31. Bc1 1/2-1/2

[Event "BAN-chB 47th"]
[Site "Dhaka"]
[Date "2022.11.01"]
[Round "6"]
[White "Jabed, Al Azad"]
[Black "Sacchu, Afzal Hossain"]
[Result "1-0"]
[WhiteElo "2084"]
[BlackElo "2017"]
[PlyCount "56"]
[EventDate "2022.10.27"]
[EventType "swiss"]
[EventRounds "11"]
[EventCountry "BAN"]
[SourceTitle "EXT 2024"]
[Source "ChessBase"]
[SourceDate "2023.10.10"]
[SourceVersion "1"]
[SourceVersionDate "2023.10.10"]
[SourceQuality "1"]

1. e4 c5 2. Nf3 d6 3. Bb5+ Bd7 4. Bxd7+ Nxd7 5. 0-0 Ngf6 6. Qe2 Qc7 7. c3 e5 8. d4 Be7 9. d5 0-0 10. c4 Ne8 11. Nc3 Qd8 12. Ne1 Bg5 13. Nd3 g6 14. g3 Ng7 15. f4 exf4 16. gxf4 Bf6 17. Bd2 Bd4+ 18. Kh1 h6 19. Rae1 Qh4 20. Qf3 Rae8 21. Qg3 Qxg3 22. hxg3 f5 23. Kg2 Bxc3 24. Bxc3 fxe4 25. Nf2 e3 26. Ng4 h5 27. Nxe3 h4 28. Rf3 Re4 1-0

[Event "Dhaka Walton op"]
[Site "Dhaka"]
[Date "2022.04.10"]
[Round "7"]
[White "Nasiruddin, Apu"]
[Black "Jabed, Al Azad"]
[Result "1/2-1/2"]
[WhiteElo "1838"]
[BlackElo "2060"]
[PlyCount "49"]
[EventDate "2022.04.04"]
[EventType "swiss"]
[EventRounds "9"]
[EventCountry "BAN"]
[SourceTitle "CBM 207 Extra"]
[Source "ChessBase"]
[SourceDate "2022.05.31"]
[SourceVersion "1"]
[SourceVersionDate "2022.05.31"]
[SourceQuality "1"]

1. e4 c5 2. Nf3 d6 3. d4 cxd4 4. Nxd4 Nf6 5. Bd3 g6 6. 0-0 Bg7 7. h3 0-0 8. Be3 Nc6 9. c3 d5 10. Nxc6 bxc6 11. Nd2 e5 12. Qa4 Qc7 13. Bc5 Rd8 14. Rad1 Be6 15. Rfe1 Nh5 16. Nf1 Nf4 17. Bc2 Qc8 18. Re3 f5 19. exf5 gxf5 20. Ng3 Ng6 21. Nh5 f4 22. Re2 Bh8 23. Bxg6 hxg6 24. Nxf4 exf4 25. Qxf4 1/2-1/2

[Event "Dhaka Walton op"]
[Site "Dhaka"]
[Date "2022.04.04"]
[Round "1"]
[White "Mohammad Abul Hashem, Kohen"]
[Black "Jabed, Al Azad"]
[Result "0-1"]
[WhiteElo "1560"]
[BlackElo "2060"]
[PlyCount "102"]
[EventDate "2022.04.04"]
[EventType "swiss"]
[EventRounds "9"]
[EventCountry "BAN"]
[SourceTitle "CBM 207 Extra"]
[Source "ChessBase"]
[SourceDate "2022.05.31"]
[SourceVersion "1"]
[SourceVersionDate "2022.05.31"]
[SourceQuality "1"]

1. d4 d5 2. c4 dxc4 3. Nc3 c6 4. a4 e5 5. e3 exd4 6. exd4 Be6 7. Nf3 Bb4 8. Be3 Nf6 9. h3 0-0 10. Qc2 Nbd7 11. Be2 b5 12. 0-0 Bxc3 13. bxc3 Bd5 14. Rfd1 Re8 15. Bg5 Qc7 16. Bxf6 Nxf6 17. Ne5 a6 18. Bf3 Bxf3 19. gxf3 Nd5 20. Re1 f6 21. Ng4 Qf4 22. Kg2 h5 23. Rh1 hxg4 24. hxg4 Qg5 25. Kg3 g6 26. Rh2 Kg7 27. Rah1 Rh8 28. Qe4 f5 29. Qe6 Qe7 30. Qxc6 Qc7+ 31. Qxc7+ Nxc7 32. Re1 Rxh2 33. Kxh2 Re8 34. Ra1 Nd5 35. Ra3 Re2 36. axb5 axb5 37. Kg3 Rc2 38. g5 Rxc3 39. Ra7+ Kg8 40. Ra6 Kf7 41. Ra7+ Ne7 42. Rb7 Rd3 43. Rxb5 Rxd4 44. Rc5 Ke6 45. Kg2 Kd6 46. Ra5 c3 47. Ra1 c2 48. Rc1 Rd2 49. f4 Nd5 50. Kf3 Nb4 51. Ke3 Rd1 0-1

[Event "BAN-chT"]
[Site "Dhaka"]
[Date "2022.03.16"]
[Round "7.5"]
[White "Jabed, Al Azad"]
[Black "Md, Sharif Hossain"]
[Result "0-1"]
[WhiteElo "2064"]
[BlackElo "2205"]
[PlyCount "64"]
[EventDate "2022.03.10"]
[EventType "team-tourn"]
[EventRounds "11"]
[EventCountry "BAN"]
[SourceTitle "CBM 207 Extra"]
[Source "ChessBase"]
[SourceDate "2022.05.31"]
[SourceVersion "1"]
[SourceVersionDate "2022.05.31"]
[SourceQuality "1"]
[WhiteTeam "Manha's Castle"]
[BlackTeam "Bangladesh Navy"]
[WhiteTeamCountry "BAN"]
[BlackTeamCountry "BAN"]

1. e4 e5 2. Nf3 Nc6 3. Bb5 a6 4. Ba4 Nf6 5. 0-0 b5 6. Bb3 Bc5 7. c3 d6 8. d4 Bb6 9. a4 Bb7 10. Bg5 h6 11. Bxf6 Qxf6 12. Bd5 0-0 13. Na3 Rab8 14. axb5 axb5 15. Nxb5 Nxd4 16. cxd4 c6 17. dxe5 dxe5 18. Nc3 Rfd8 19. Bxf7+ Qxf7 20. Qc2 Bd4 21. Na4 Ba6 22. Rfd1 Bc4 23. Nxd4 exd4 24. Nc5 Rb5 25. Rdc1 Rxc5 26. b3 d3 27. Qd2 Qe6 28. f3 Qe5 29. bxc4 Qd4+ 30. Kf1 Rxc4 31. Rxc4 Qxc4 32. Kg1 Qd4+ 0-1

[Event "BAN-chT"]
[Site "Dhaka"]
[Date "2022.03.13"]
[Round "4.1"]
[White "Mchedlishvili, Mikheil"]
[Black "Jabed, Al Azad"]
[Result "1-0"]
[WhiteElo "2584"]
[BlackElo "2064"]
[PlyCount "187"]
[EventDate "2022.03.10"]
[EventType "team-tourn"]
[EventRounds "11"]
[EventCountry "BAN"]
[SourceTitle "CBM 207 Extra"]
[Source "ChessBase"]
[SourceDate "2022.05.31"]
[SourceVersion "1"]
[SourceVersionDate "2022.05.31"]
[SourceQuality "1"]
[WhiteTeam "SAIF Sporting Club"]
[BlackTeam "Manha's Castle"]
[WhiteTeamCountry "BAN"]
[BlackTeamCountry "BAN"]

1. e4 c6 2. d4 d5 3. e5 Bf5 4. h4 h5 5. Bd3 Bxd3 6. Qxd3 e6 7. Bg5 Qb6 8. Nd2 Qa6 9. c4 Bb4 10. b3 Nd7 11. Ngf3 Ne7 12. 0-0 Ba3 13. Rab1 Bb4 14. Rfd1 f6 15. Bf4 Kf7 16. Nf1 Ng6 17. Bg3 Be7 18. exf6 gxf6 19. Re1 Ngf8 20. a4 Bb4 21. Re3 Re8 22. Rc1 Qa5 23. Re2 Qd8 24. Ne3 Nb6 25. Nc2 Be7 26. c5 Nc8 27. b4 Qd7 28. b5 Bd8 29. Rb1 Re7 30. Nb4 cxb5 31. axb5 Bc7 32. Bxc7 Qxc7 33. Qd2 Ng6 34. Nd3 Kg7 35. g3 Rhe8 36. Nb4 Rg8 37. Rbe1 Qd7 38. Qd3 Kf7 39. Kh2 Rge8 40. Re3 Kg7 41. Qe2 Kh6 42. c6 Qd6 43. cxb7 Rxb7 44. Nc6 Nf8 45. Nfe5 Qc7 46. Nd3 Nd6 47. Nf4 Qf7 48. Nxe6 Nxe6 49. Rxe6 Rxe6 50. Qxe6 Nxb5 51. Qf5 Rd7 52. Rb1 Nd6 53. Qf4+ Kg7 54. Nxa7 Ne4 55. Nc8 Rb7 56. Rxb7 Qxb7 57. Nd6 Nxd6 58. Qxd6 Qb2 59. Qf4 Qe2 60. Kg2 Qe6 61. Qf3 Kg6 62. Qd3+ Kg7 63. Kf1 Qg4 64. Ke1 Qc8 65. Kd2 Qg4 66. Kc3 Qc8+ 67. Kb4 Qc6 68. Qb5 Qd6+ 69. Qc5 Qb8+ 70. Ka5 Qb3 71. Qe7+ Kg6 72. Qe8+ Kg7 73. Qe3 Qb7 74. Qf4 Kg6 75. f3 Qa7+ 76. Kb5 Qb7+ 77. Kc5 Qa7+ 78. Kxd5 Qa8+ 79. Kc4 Qa6+ 80. Kc3 Qa1+ 81. Kc2 Qa4+ 82. Kd2 Qa2+ 83. Ke1 Qb1+ 84. Ke2 Qb5+ 85. Kf2 Qb2+ 86. Kg1 Qb1+ 87. Kg2 Qc2+ 88. Kh3 Qf2 89. Qe4+ Kg7 90. g4 Qf1+ 91. Kg3 Qg1+ 92. Kf4 hxg4 93. Qe7+ Kg6 94. h5+ 1-0

[Event "BAN-chT"]
[Site "Dhaka"]
[Date "2022.03.12"]
[Round "3.6"]
[White "Puranik, Abhimanyu Sameer"]
[Black "Jabed, Al Azad"]
[Result "1-0"]
[WhiteElo "2618"]
[BlackElo "2064"]
[PlyCount "93"]
[EventDate "2022.03.10"]
[EventType "team-tourn"]
[EventRounds "11"]
[EventCountry "BAN"]
[SourceTitle "CBM 207 Extra"]
[Source "ChessBase"]
[SourceDate "2022.05.31"]
[SourceVersion "1"]
[SourceVersionDate "2022.05.31"]
[SourceQuality "1"]
[WhiteTeam "Bangladesh Biman"]
[BlackTeam "Manha's Castle"]
[WhiteTeamCountry "BAN"]
[BlackTeamCountry "BAN"]

1. c4 Nf6 2. Nf3 g6 3. g3 Bg7 4. Bg2 0-0 5. 0-0 c5 6. Nc3 Nc6 7. d4 cxd4 8. Nxd4 Nxd4 9. Qxd4 d6 10. Qd3 a6 11. Bd2 Qc7 12. Rac1 Be6 13. b3 Rac8 14. Rfd1 Qb8 15. h3 Rfd8 16. Bf4 Bd7 17. Qe3 e5 18. Bg5 Bc6 19. Bxc6 bxc6 20. Qf3 e4 21. Nxe4 Nxe4 22. Bxd8 Nc3 23. Rxc3 Bxc3 24. Bf6 Bxf6 25. Qxf6 Rd8 26. c5 d5 27. Qxc6 d4 28. Qxa6 Qe5 29. c6 Qc5 30. Qc4 Qxc4 31. bxc4 Rd6 32. c7 Rc6 33. Rxd4 Rxc7 34. a4 Kf8 35. a5 Rc5 36. a6 Ke7 37. Rd5 Rxc4 38. Ra5 Rc8 39. a7 Ra8 40. Kg2 Kd6 41. Kf3 Kc7 42. Kf4 Kb6 43. Ra2 f6 44. e4 Kb7 45. g4 h6 46. h4 Rxa7 47. Rxa7+ 1-0

[Event "Dhaka Sheikh Hasina op"]
[Site "Dhaka"]
[Date "2021.09.26"]
[Round "8"]
[White "Jabed, Al Azad"]
[Black "Anata, Choudhury"]
[Result "1/2-1/2"]
[WhiteElo "2033"]
[BlackElo "2164"]
[PlyCount "103"]
[EventDate "2021.09.19"]
[EventType "swiss"]
[EventRounds "9"]
[EventCountry "BAN"]
[SourceTitle "CBM 204 Extra"]
[Source "ChessBase"]
[SourceDate "2021.11.30"]
[SourceVersion "1"]
[SourceVersionDate "2021.11.30"]
[SourceQuality "1"]

1. e4 c5 2. Nf3 d6 3. d4 cxd4 4. Nxd4 Nf6 5. Nc3 Nc6 6. Bg5 Bd7 7. Be2 Qa5 8. Bxf6 gxf6 9. Nxc6 Bxc6 10. Qd2 e6 11. Nb5 Qxd2+ 12. Kxd2 Ke7 13. Bd3 Rg8 14. Rhg1 Bh6+ 15. Ke2 a6 16. Nd4 Bd7 17. g3 Bg7 18. c3 b5 19. a3 Rgc8 20. f4 Rab8 21. Rgc1 h5 22. h4 Bh6 23. Ke3 Rg8 24. Rg1 f5 25. Kf2 fxe4 26. Bxe4 Kf6 27. Bf3 Kg6 28. Rad1 Rb6 29. Rge1 Bg7 30. f5+ exf5 31. Nc6 Bf8 32. Ne7+ Bxe7 33. Rxe7 Be6 34. Rb7 Rxb7 35. Bxb7 a5 36. Rxd6 f4 37. Be4+ Kf6 38. gxf4 Rg4 39. Ke3 Ke7 40. Rb6 Rxh4 41. Rxb5 Rh2 42. Rxa5 Rxb2 43. Rxh5 Rb3 44. Ra5 Rxc3+ 45. Kd4 Rc4+ 46. Kd3 f5 47. Bxf5 Rxf4 48. Be4 Bd7 49. Ra7 Kd6 50. Ra6+ Kc7 51. a4 Bf5 52. Bxf5 1/2-1/2

[Event "Dhaka Sheikh Hasina op"]
[Site "Dhaka"]
[Date "2021.09.23"]
[Round "5"]
[White "Ahmed, Walijah"]
[Black "Jabed, Al Azad"]
[Result "1/2-1/2"]
[WhiteElo "1904"]
[BlackElo "2033"]
[PlyCount "76"]
[EventDate "2021.09.19"]
[EventType "swiss"]
[EventRounds "9"]
[EventCountry "BAN"]
[SourceTitle "CBM 204 Extra"]
[Source "ChessBase"]
[SourceDate "2021.11.30"]
[SourceVersion "1"]
[SourceVersionDate "2021.11.30"]
[SourceQuality "1"]

1. e4 c6 2. d4 d5 3. Nc3 dxe4 4. Nxe4 Bf5 5. Ng3 Bg6 6. h4 h6 7. Nf3 Nd7 8. Bd3 Bxd3 9. Qxd3 Ngf6 10. Bf4 Qa5+ 11. Bd2 Qc7 12. 0-0-0 e6 13. Ne4 Nxe4 14. Qxe4 Nf6 15. Qe2 Bd6 16. Kb1 c5 17. dxc5 Bxc5 18. Bc3 Rd8 19. Rxd8+ Kxd8 20. Rd1+ Ke7 21. Be5 Qb6 22. Nd4 Rd8 23. Nf5+ Kf8 24. Nxg7 Rxd1+ 25. Qxd1 Be7 26. Nh5 Qxf2 27. Nxf6 Bxf6 28. Bxf6 Qxf6 29. Qd6+ Kg7 30. Qg3+ Kh7 31. Qd3+ Kg7 32. Qg3+ Kh8 33. b3 e5 34. Qf3 Qe6 35. Qxb7 e4 36. Qb5 e3 37. Qe2 f5 38. c4 Qe4+ 1/2-1/2

[Event "Dhaka Sheikh Hasina op"]
[Site "Dhaka"]
[Date "2021.09.19"]
[Round "1"]
[White "Abdyjapar, Asyl"]
[Black "Jabed, Al Azad"]
[Result "1-0"]
[WhiteElo "2409"]
[BlackElo "2033"]
[PlyCount "63"]
[EventDate "2021.09.19"]
[EventType "swiss"]
[EventRounds "9"]
[EventCountry "BAN"]
[SourceTitle "CBM 204 Extra"]
[Source "ChessBase"]
[SourceDate "2021.11.30"]
[SourceVersion "1"]
[SourceVersionDate "2021.11.30"]
[SourceQuality "1"]

1. c4 e6 2. d4 d5 3. Nc3 dxc4 4. e4 c5 5. Nf3 a6 6. a4 Nc6 7. d5 Na5 8. Bf4 exd5 9. Nxd5 Bd6 10. e5 Bc7 11. Bg5 f6 12. Bf4 Ne7 13. Nxc7+ Qxc7 14. Be2 Ng6 15. Bg3 fxe5 16. 0-0 Be6 17. Ng5 Qe7 18. Nxe6 Qxe6 19. Bg4 Qe7 20. f4 0-0 21. Qd5+ Kh8 22. fxe5 Nb3 23. Rxf8+ Rxf8 24. Re1 b5 25. axb5 axb5 26. Bd7 Nd4 27. e6 Nf4 28. Bxf4 Rxf4 29. Qa8+ Rf8 30. Qxf8+ Qxf8 31. e7 Ne2+ 32. Rxe2 1-0

[Event "BAN Games 9th"]
[Site "Dhaka"]
[Date "2021.04.04"]
[Round "1.3"]
[White "Jabed, Al Azad"]
[Black "Md Akik, Miha"]
[Result "1-0"]
[WhiteElo "1983"]
[BlackElo "1720"]
[PlyCount "117"]
[EventDate "2021.04.04"]
[EventType "team-swiss"]
[EventRounds "5"]
[EventCountry "BAN"]
[SourceTitle "CBM 202 Extra"]
[Source "ChessBase"]
[SourceDate "2021.07.31"]
[SourceVersion "1"]
[SourceVersionDate "2021.07.31"]
[SourceQuality "1"]
[WhiteTeam "Titas CC"]
[BlackTeam "Sylhet Division"]
[WhiteTeamCountry "BAN"]
[BlackTeamCountry "BAN"]

1. e4 d6 2. d4 g6 3. f4 Bg7 4. Nf3 e6 5. Bd3 Ne7 6. Nc3 c6 7. Be3 b5 8. a4 b4 9. Ne2 0-0 10. Qd2 a5 11. h4 h5 12. b3 f5 13. e5 d5 14. 0-0 Qb6 15. Rac1 Bd7 16. Ng5 Kh8 17. Ng3 Ng8 18. Qe2 Nh6 19. Qd2 Na6 20. Be2 Rac8 21. c4 bxc3 22. Qxc3 Rfe8 23. Bd2 Nb4 24. Qc5 Qxc5 25. Rxc5 Ra8 26. Bxb4 axb4 27. Ra1 Bf8 28. Rc2 Ra5 29. Rac1 Be7 30. Nh1 Kg7 31. Nf2 Rea8 32. Nd3 Ng8 33. Nc5 Bxc5 34. Rxc5 Ne7 35. Kf2 Nc8 36. Rxc6 Bxc6 37. Rxc6 R5a7 38. Nxe6+ Kh6 39. Nc5 Ne7 40. Rb6 Rc8 41. Ke3 Rac7 42. Rxb4 Rxc5 43. dxc5 Rxc5 44. Rb7 Nc6 45. e6 d4+ 46. Kd2 Na5 47. e7 Rc8 48. Rb5 Nc6 49. Rb7 Na5 50. Rc7 Nxb3+ 51. Ke1 Rb8 52. Bb5 d3 53. e8Q d2+ 54. Kd1 Rxe8 55. Bxe8 Nd4 56. Bf7 Kg7 57. Rd7 Kf6 58. Bd5 g5 59. hxg5+ 1-0

[Event "BAN Games Blitz 9th"]
[Site "Dhaka"]
[Date "2021.04.03"]
[Round "2.2"]
[White "Jabed, Al Azad"]
[Black "Hossain, Enamul"]
[Result "0-1"]
[WhiteElo "1983"]
[BlackElo "2404"]
[PlyCount "54"]
[EventDate "2021.04.03"]
[EventType "swiss (blitz)"]
[EventRounds "9"]
[EventCountry "BAN"]
[SourceTitle "CBM 201 Extra"]
[Source "ChessBase"]
[SourceDate "2021.05.31"]
[SourceVersion "1"]
[SourceVersionDate "2021.05.31"]
[SourceQuality "1"]

1. e4 c5 2. Nf3 e6 3. d4 cxd4 4. Nxd4 Nc6 5. Nc3 Qc7 6. Be3 a6 7. Be2 Nf6 8. 0-0 Be7 9. Nxc6 bxc6 10. f4 d5 11. Bf3 Bb7 12. a4 Rd8 13. e5 Nd7 14. Qe1 c5 15. Bd2 0-0 16. Kh1 Rb8 17. a5 Bc6 18. b3 Rfe8 19. Qg3 f6 20. Bh5 Rf8 21. Rfe1 fxe5 22. fxe5 Kh8 23. Bg4 d4 24. Na4 Bd5 25. Qh3 Rf2 26. Re2 Rbf8 27. Rae1 Rf1+ 0-1

[Event "BAN Games Rapid 9th"]
[Site "Dhaka"]
[Date "2021.04.03"]
[Round "7.2"]
[White "Mohammad Fahad, Rahman"]
[Black "Jabed, Al Azad"]
[Result "1-0"]
[WhiteElo "2321"]
[BlackElo "1983"]
[PlyCount "89"]
[EventDate "2021.04.02"]
[EventType "swiss (rapid)"]
[EventRounds "9"]
[EventCountry "BAN"]
[SourceTitle "CBM 201 Extra"]
[Source "ChessBase"]
[SourceDate "2021.05.31"]
[SourceVersion "1"]
[SourceVersionDate "2021.05.31"]
[SourceQuality "1"]

1. e4 c5 2. Nf3 d6 3. d4 cxd4 4. Nxd4 Nf6 5. f3 g6 6. c4 Nc6 7. Nc3 Bg7 8. Be3 Bd7 9. Be2 Rc8 10. 0-0 0-0 11. Qd2 Ne5 12. b3 a6 13. a4 Re8 14. Kh1 Qa5 15. Rfc1 h5 16. Qe1 Kh7 17. Qf2 Qc7 18. a5 Nc6 19. Nd5 Qb8 20. Nb6 Nxd4 21. Bxd4 e5 22. Nxc8 exd4 23. Nb6 Bc6 24. b4 Qd8 25. b5 Bd7 26. Rd1 Ng8 27. Rab1 f5 28. Bd3 Nh6 29. Qc2 fxe4 30. Bxe4 Bf5 31. Re1 Rf8 32. Nd5 Qh4 33. g3 Qg5 34. Ne7 Qxe7 35. Bxf5 Qg5 36. Be4 h4 37. gxh4 Qxh4 38. bxa6 bxa6 39. Bxg6+ Kh8 40. Qe4 Qh3 41. Rg1 Be5 42. Rg2 d3 43. Rb7 d2 44. Rh7+ Kg8 45. Bf7# 1-0

[Event "BAN-chT Premier"]
[Site "Dhaka"]
[Date "2021.03.27"]
[Round "9.1"]
[White "Jabed, Al Azad"]
[Black "Aronyak, Ghosh"]
[Result "0-1"]
[WhiteElo "2002"]
[BlackElo "2436"]
[PlyCount "84"]
[EventDate "2021.03.19"]
[EventType "team-tourn"]
[EventRounds "11"]
[EventCountry "BAN"]
[SourceTitle "CBM 201 Extra"]
[Source "ChessBase"]
[SourceDate "2021.05.31"]
[SourceVersion "1"]
[SourceVersionDate "2021.05.31"]
[SourceQuality "1"]
[WhiteTeam "Titas CC"]
[BlackTeam "Leonine CC"]
[WhiteTeamCountry "BAN"]
[BlackTeamCountry "BAN"]

1. e4 Nf6 2. e5 Nd5 3. d4 d6 4. Nf3 dxe5 5. Nxe5 c6 6. Bc4 g6 7. Qf3 Be6 8. 0-0 Nd7 9. Nd3 Bg7 10. c3 0-0 11. Bb3 a5 12. Nf4 Nxf4 13. Bxf4 Bf5 14. a4 e5 15. dxe5 Nxe5 16. Bxe5 Bxe5 17. Na3 Qb6 18. Nc4 Bxh2+ 19. Kxh2 Qxb3 20. Ne3 Be6 21. Qf6 Qb6 22. Rad1 Rad8 23. g4 Rfe8 24. Kg2 Rxd1 25. Rxd1 Qc5 26. Rd8 Rxd8 27. Qxd8+ Kg7 28. Kg3 Qe5+ 29. Kg2 Bd5+ 30. Kf1 Qe4 31. Ke2 Be6 32. Qg5 h6 33. Qxa5 Bxg4+ 34. Kd2 Qf4 35. Ke1 Bf3 36. c4 h5 37. Qc3+ Kg8 38. Qb4 Qd4 39. Kf1 Qd3+ 40. Kg1 Qb1+ 41. Kh2 Qh1+ 42. Kg3 g5 0-1

[Event "Dhaka Bangabandhu op-A"]
[Site "Dhaka"]
[Date "2021.03.14"]
[Round "6"]
[White "Jabed, Al Azad"]
[Black "Hamid, Rani"]
[Result "1-0"]
[WhiteElo "2002"]
[BlackElo "1923"]
[PlyCount "66"]
[EventDate "2021.03.09"]
[EventType "swiss"]
[EventRounds "9"]
[EventCountry "BAN"]
[SourceTitle "CBM 201 Extra"]
[Source "ChessBase"]
[SourceDate "2021.05.31"]
[SourceVersion "1"]
[SourceVersionDate "2021.05.31"]
[SourceQuality "1"]

1. e4 c5 2. Nf3 e6 3. d4 cxd4 4. Nxd4 a6 5. Bd3 Nf6 6. 0-0 Qc7 7. c4 Be7 8. Qe2 d6 9. Nc3 0-0 10. Be3 Nc6 11. Nxc6 bxc6 12. Rac1 e5 13. b4 Rb8 14. a3 Ng4 15. Bd2 Qd8 16. h3 Nf6 17. f4 exf4 18. Bxf4 Nd7 19. c5 Ne5 20. Bxe5 dxe5 21. Bxa6 Be6 22. Rfd1 Qc7 23. Bc4 Bg5 24. Rb1 Qe7 25. Bxe6 fxe6 26. Rd3 Rbc8 27. Rbd1 Qf6 28. Qg4 Rfe8 29. Rf3 Qh6 30. Na4 Be3+ 31. Kh2 Bd4 32. Rdf1 Rf8 33. Nb6 Rb8 1-0

[Event "Dhaka Borsho op"]
[Site "Dhaka"]
[Date "2021.01.14"]
[Round "7"]
[White "Jabed, Al Azad"]
[Black "Hamid, Rani"]
[Result "0-1"]
[WhiteElo "2021"]
[BlackElo "1874"]
[PlyCount "86"]
[EventDate "2021.01.09"]
[EventType "swiss"]
[EventRounds "9"]
[EventCountry "BAN"]
[SourceTitle "CBM 200 Extra"]
[Source "ChessBase"]
[SourceDate "2021.03.31"]
[SourceVersion "1"]
[SourceVersionDate "2021.03.31"]
[SourceQuality "1"]

1. e4 c5 2. Nf3 e6 3. d4 cxd4 4. Nxd4 a6 5. c4 Nf6 6. Nc3 Bb4 7. Bd3 Qc7 8. 0-0 d6 9. Qa4+ Nc6 10. Nxc6 Bxc3 11. Ne5+ b5 12. cxb5 Bxe5 13. bxa6+ Bd7 14. Qa3 0-0 15. Be3 Ng4 16. Bd2 Bxh2+ 17. Kh1 Be5 18. g3 Qb6 19. Kg2 Bxb2 20. Qb4 Qxb4 21. Bxb4 Bxa1 22. Rxa1 Bc6 23. f3 Ne5 24. Be2 Rfd8 25. a4 d5 26. Bb5 dxe4 27. f4 e3+ 28. Kh3 Nd3 29. Ba5 Nf2+ 30. Kh4 Bf3 31. Bxd8 Rxd8 32. Rc1 h6 33. g4 Nd1 34. Rc2 Kf8 35. Kg3 Be4 36. Rc7 Rd2 37. a7 Rg2+ 38. Kh4 e2 39. Bxe2 Rxe2 40. Rc4 Bg2 41. Kg3 Ne3 42. Rc8+ Ke7 43. a8Q Nf1+ 0-1